000 00384nam a2200169Ia 4500
003 OSt
005 20240520104729.0
008 170619s9999 xx 000 0 und d
020 _a9788188476589
040 _cIIMT ENGINEERING COLLEGE
100 _aSharma Deepa
245 0 _aENGINEERING CHEMISTRY
260 _bJ P N P
260 _c2003
546 _aENGLISH
942 _2ddc
_c01
999 _c16877
_d16877